000 00315 a2200157 4500
001 179240
020 _a
040 _cMagnum
100 _aGuedes, Avelino
240 1 0 _aCobra-cega
_lpor
245 1 0 _aCobra-cega
362 0 _a1899
440 1 _aModerna
697 _aMAGNITO: I/FADAS, FANTASIA
942 _cBK
999 _c179240
_d179240